Normal view
MARC view
- Guide Name:Kolhatkar Aniruddha
Entry Personal Name
001 - CONTROL NUMBER
- control field: 210247
003 - CONTROL NUMBER IDENTIFIER
- control field: OSt
005 - DATE AND TIME OF LATEST TRANSACTION
- control field: 20250110171515.0
008 - FIXED-LENGTH DATA ELEMENTS
- fixed length control field: 250110|| aca||aabn | a|a d
040 ## - CATALOGING SOURCE
- Original cataloging agency: OSt
- Transcribing agency: OSt
100 ## - HEADING--PERSONAL NAME
- Personal name: Guide Name:Kolhatkar Aniruddha
670 ## - SOURCE DATA FOUND
- Source citation: Work cat.: (OSt)363439: Kulkarni Shruti 182572, Commercial Shopping Centre, 2014